000 00656nam a22002297a 4500
003 UA-OsUOA
001 70764
007 ta
008 20100915b un ||||| |||| 00| 0 ukr d
100 _aЛютій І.О.
700 _aДрозд Н.В.
090 _a330(477)
_bЛ96
942 _cSA
040 _aUA-OsUOA
_bukr
_cUA-OsUOA
_dUA-OsUOA
245 _aВплив держави на ринок фінансового капіталу України
300 _aС.63-73
955 _a0
041 _aukr
080 _a330(477)
773 0 _w70761
_tФінанси України
_dК.
_d2010
_g8
650 7 _a330 Економіка взагалі
_2UDC
999 _c357040
_d357040